Central Library OPAC University of Rajshahi

جديد مدلل علم هندسه /jadid mudalal ilm handasah (Record no. 85165)

MARC details
000 -LEADER
fixed length control field 00760cjm a2200217 a 4500
001 - CONTROL NUMBER
control field 85165
003 - CONTROL NUMBER IDENTIFIER
rucl marc code BD-RjUL
005 - DATE AND TIME OF LATEST TRANSACTION
control field 20250710104510.0
008 - FIXED-LENGTH DATA ELEMENTS--GENERAL INFORMATION
fixed length control field 250608s1945 pk n| | urd
035 ## - SYSTEM CONTROL NUMBER
System control number (BD-RjUL)85165
040 ## - CATALOGING SOURCE
Original cataloging agency DLC
Language of cataloging eng
Transcribing agency DLC
Modifying agency OCLCQ
-- OCLCO
-- OCLCF
041 ## - LANGUAGE CODE
Language code of text/sound track or separate title urd
082 ## - DEWEY DECIMAL CLASSIFICATION NUMBER
Edition number 23
Classification number 516
Author mark and year USJ 1945
100 ## - MAIN ENTRY--PERSONAL NAME
Personal name عثمان, محمد ;; Osman, Mohammad
9 (RLIN) 15967
245 10 - TITLE STATEMENT
Title جديد مدلل علم هندسه /jadid mudalal ilm handasah
Statement of responsibility, etc. محمد عثمان , ضياء الدين ;; Mohamad Osman, ziaa ud-Din
260 ## - PUBLICATION, DISTRIBUTION, ETC. (IMPRINT)
Place of publication, distribution, etc. Lahore :
Name of publisher, distributor, etc. firoz sanaj,
Date of publication, distribution, etc. [1945]
300 ## - PHYSICAL DESCRIPTION
Pagination 732 p. ;
Size 19 cm
700 1# - ADDED ENTRY--PERSONAL NAME
Personal name ضياء الدين ;; zia ud din
942 ## - ADDED ENTRY ELEMENTS (KOHA)
Source of classification or shelving scheme Dewey Decimal Classification
Koha item type Books
Holdings
Lost status Source of classification or shelving scheme Damaged status Not for loan Collection code Permanent Location Current Location Shelving location Date acquired Total Checkouts Full call number Date last seen Copy number Koha item type
  Dewey Decimal Classification   Not For Loan Non-fiction Central Library, University of Rajshahi Central Library, University of Rajshahi Reading Room 26/07/1960   U 516 USJ 1945 10/07/2025 C-1 Books